[Event "38th ECC Open 2023"]
[Site "Durres ALB"]
[Date "2023.10.04"]
[Round "4.1"]
[Board "2"]
[White "Anand, Viswanathan"]
[Black "Amin, Bassem"]
[Result "1/2-1/2"]
[WhiteTitle "GM"]
[BlackTitle "GM"]
[WhiteElo "2754"]
[BlackElo "2680"]
[WhiteTeam "Superchess"]
[BlackTeam "Schachclub Viernheim 1934 e.V."]
[WhiteFideId "5000017"]
[BlackFideId "10601457"]
[EventDate "2023.10.01"]

1. e4 e5 2. Nf3 Nc6 3. Bb5 Nf6 4. d3 Bc5 5. Nbd2 O-O 6. Nb3 Bb6 7. Bxc6 bxc6 8.
a4 a5 9. Nxe5 d5 10. O-O dxe4 11. d4 Nd7 12. Nxd7 Qxd7 13. Be3 Ba6 14. Re1 Rad8
15. Nc5 Bxc5 16. dxc5 Qe6 17. Qc1 f5 18. Bf4 Rd5 19. Bxc7 Rxc5 20. b3 Rf7 21.
Bf4 Rd5 22. Qe3 c5 23. Rad1 c4 24. Rxd5 Qxd5 25. Qb6 Rf6 26. Qb8+ Rf8 27. Qa7
Ra8 28. Qb6 h6 29. h4 cxb3 30. cxb3 Bb7 31. Be3 Kh7 32. h5 Ra6 33. Qb5 Rf6 34.
Bf4 Qxb5 35. axb5 Rb6 36. Rc1 Rxb5 37. Rc7 Bd5 38. Be5 Rb7 39. Rxb7 Bxb7 40. Bc3
Bd5 41. Bxa5 Bxb3 42. f4 Bf7 43. Kf2 Bxh5 44. Bc3 g5 45. fxg5 hxg5 46. g3 Kg6
47. Bd2 Bf3 48. Be3 Kh5 49. Bc1 Kg4 50. Be3 f4 51. gxf4 gxf4 52. Bc1 1/2-1/2

[Event "38th ECC Open 2023"]
[Site "Durres ALB"]
[Date "2023.10.04"]
[Round "4.1"]
[Board "4"]
[White "Van Foreest, Jorden"]
[Black "Kryvoruchko, Yuriy"]
[Result "1-0"]
[WhiteTitle "GM"]
[BlackTitle "GM"]
[WhiteElo "2707"]
[BlackElo "2656"]
[WhiteTeam "Superchess"]
[BlackTeam "Schachclub Viernheim 1934 e.V."]
[WhiteFideId "1039784"]
[BlackFideId "14109182"]
[EventDate "2023.10.01"]

1. d4 Nf6 2. c4 e6 3. Nf3 d5 4. g3 Be7 5. Bg2 O-O 6. O-O dxc4 7. h4 c5 8. dxc5
Qxd1 9. Rxd1 Bxc5 10. Ne5 Nc6 11. Nxc4 Nd5 12. Nc3 Nxc3 13. bxc3 e5 14. Rd5 Be7
15. Nxe5 Nxe5 16. Rxe5 Bf6 17. Rc5 b6 18. Rc7 Be5 19. Re7 Bxc3 20. Bxa8 Bxa1 21.
Bd5 Be6 22. Bxe6 fxe6 23. Rxa7 Rc8 24. Be3 b5 25. Kg2 Bf6 26. h5 h6 27. f4 Rc3
28. Ra8+ Kf7 29. Bd2 Rc4 30. Kf3 Bc3 31. Ra7+ Kf6 32. e4 e5 33. Ra6+ Kf7 34.
Bxc3 Rxc3+ 35. Kg4 Rc5 36. Ra5 Ke6 37. a4 exf4 38. gxf4 Rc4 39. Ra6+ Kf7 40.
Ra7+ Kg8 41. axb5 Rxe4 42. b6 Rb4 43. b7 Kh7 44. Kf3 Rb3+ 45. Ke4 1-0

[Event "38th ECC Open 2023"]
[Site "Durres ALB"]
[Date "2023.10.04"]
[Round "4.1"]
[Board "5"]
[White "Wagner, Dennis"]
[Black "Fedoseev, Vladimir3"]
[Result "1/2-1/2"]
[WhiteTitle "GM"]
[BlackTitle "GM"]
[WhiteElo "2589"]
[BlackElo "2691"]
[WhiteTeam "Schachclub Viernheim 1934 e.V."]
[BlackTeam "Superchess"]
[WhiteFideId "24650684"]
[BlackFideId "24130737"]
[EventDate "2023.10.01"]

1. d4 d5 2. c4 c6 3. cxd5 cxd5 4. Bf4 Nf6 5. e3 Nc6 6. Bb5 Bg4 7. Nf3 e6 8. O-O
Qb6 9. Nc3 Be7 10. h3 Bxf3 11. Qxf3 a6 12. Bxc6+ Qxc6 13. Rfc1 O-O 14. Rc2 Rfc8
15. Rac1 Qd7 16. Qd1 Ne8 17. Ne2 Nd6 18. Bxd6 Bxd6 19. Rxc8+ Rxc8 20. Rxc8+ Qxc8
21. b3 h5 22. Qc1 Qd8 23. Qc2 g6 24. Kf1 Kg7 25. Nc1 Qh4 26. Nd3 g5 27. Ke2 g4
28. hxg4 Qxg4+ 29. Kf1 Qh4 30. Ke2 Qh2 31. Kf3 Qh1 32. Qc1 Qh4 33. Ke2 Qg4+ 34.
Kf1 h4 35. Qc2 Kf6 36. Ne1 Bb4 37. Nd3 Bd6 38. Ne1 a5 39. Qe2 Qe4 40. Qf3+ Ke7
41. Qd1 Kd8 42. Nd3 Kc7 43. Qc2+ Kb8 44. Qd2 b6 45. Kg1 Qg4 46. Kf1 Qg6 47. Qc2
Kb7 48. Ne1 Qe4 49. Qxe4 dxe4 50. f4 Ba3 51. Nc2 Bc1 52. Ke2 Kc6 53. Kd1 Bb2 54.
Ke2 Kd5 55. Kf2 Bc1 56. Ke2 Kd6 57. Kf2 Ke7 58. g3 hxg3+ 59. Kxg3 b5 60. Kg4 Kf6
61. Kg3 Kf5 62. Kf2 Kg4 63. a4 bxa4 64. bxa4 Bb2 65. Kg2 Kf5 66. Kg3 Kf6 67. Kg4
Bc1 68. Kh4 Kg6 69. Kg4 f6 70. Kh4 Kf7 71. Kh5 Bd2 72. Kh6 Bb4 73. Kh7 f5 74.
Kh6 Kf6 75. Kh7 Bd2 76. Kh6 Ke7 77. Kg6 Kd6 78. Kf7 Bb4 79. Kf6 Kd5 80. Kf7 Bd2
81. Kf6 Bc3 82. Kf7 Bb4 83. Kf6 Bd2 84. Kf7 Bc1 85. Kf6 Kd6 86. Kf7 Bb2 87. Kf6
Kd7 88. Kf7 Bc1 89. Kf6 Kd6 1/2-1/2

[Event "38th ECC Open 2023"]
[Site "Durres ALB"]
[Date "2023.10.04"]
[Round "4.1"]
[Board "6"]
[White "Shevchenko, Kirill"]
[Black "Fedorchuk, Sergey A."]
[Result "1-0"]
[WhiteTitle "GM"]
[BlackTitle "GM"]
[WhiteElo "2671"]
[BlackElo "2564"]
[WhiteTeam "Superchess"]
[BlackTeam "Schachclub Viernheim 1934 e.V."]
[WhiteFideId "14129574"]
[BlackFideId "14102536"]
[EventDate "2023.10.01"]

1. d4 Nf6 2. c4 e6 3. Nc3 Bb4 4. f3 c5 5. d5 O-O 6. e4 d6 7. Ne2 a6 8. Ng3 b5 9.
Bf4 Re8 10. Be2 exd5 11. cxd5 c4 12. a4 Bb7 13. Nf5 Qb6 14. Be3 Bc5 15. Bxc5
dxc5 16. Qd2 Nbd7 17. O-O g6 18. a5 Qa7 19. Nd6 Re7 20. Rab1 Qb8 21. Nxb7 Qxb7
22. d6 Ree8 23. g4 Re6 24. f4 b4 25. e5 bxc3 26. bxc3 1-0

[Event "38th ECC Open 2023"]
[Site "Durres ALB"]
[Date "2023.10.04"]
[Round "4.2"]
[Board "2"]
[White "Pechac, Jergus"]
[Black "Sadhwani, Raunak"]
[Result "0-1"]
[WhiteTitle "GM"]
[BlackTitle "GM"]
[WhiteElo "2596"]
[BlackElo "2641"]
[WhiteTeam "Sentimento Ajka BSK"]
[BlackTeam "Offerspill Sjakklubb"]
[WhiteFideId "14926970"]
[BlackFideId "35093487"]
[EventDate "2023.10.01"]

1. Nf3 Nf6 2. c4 e6 3. g3 d5 4. Bg2 d4 5. O-O c5 6. e3 Nc6 7. d3 Bd6 8. exd4
cxd4 9. Bg5 h6 10. Bxf6 gxf6 11. Nbd2 a5 12. Re1 Kf8 13. Re4 f5 14. Rh4 Qf6 15.
Rh5 a4 16. Nh4 Bd7 17. Qe2 Kg7 18. f4 a3 19. b3 Rag8 20. Ndf3 Kf8 21. Rf1 b6 22.
Kh1 Be8 23. Ne1 Nb4 24. Nhf3 b5 25. Nc2 bxc4 26. bxc4 Nxc2 27. Qxc2 Bc5 28. Rb1
Kg7 29. Ne5 Qd8 30. Rb7 Kh7 31. g4 Rg7 32. g5 Kg8 33. gxh6 Bd6 34. Qe2 Rgh7 35.
Ra7 Rxh6 36. Ra8 Bb8 37. Rxh6 Rxh6 38. Bc6 Qb6 39. Bxe8 Qb1+ 40. Kg2 Bxe5 41.
Bc6+ Kh7 42. fxe5 Rg6+ 43. Kf2 Qg1+ 44. Kf3 Rh6 45. Qg2 Qe3# 0-1

[Event "38th ECC Open 2023"]
[Site "Durres ALB"]
[Date "2023.10.04"]
[Round "4.2"]
[Board "3"]
[White "Tari, Aryan"]
[Black "Banusz, Tamas"]
[Result "1/2-1/2"]
[WhiteTitle "GM"]
[BlackTitle "GM"]
[WhiteElo "2619"]
[BlackElo "2600"]
[WhiteTeam "Offerspill Sjakklubb"]
[BlackTeam "Sentimento Ajka BSK"]
[WhiteFideId "1510045"]
[BlackFideId "722413"]
[EventDate "2023.10.01"]

1. e4 e5 2. Nf3 Nf6 3. Nxe5 d6 4. Nf3 Nxe4 5. d4 d5 6. Bd3 Bf5 7. O-O Be7 8. Re1
O-O 9. Nbd2 Nd6 10. Nf1 c6 11. Bxf5 Nxf5 12. Qd3 Nd6 13. Bf4 Na6 14. Ne3 Nc7 15.
g3 Ne6 16. Bxd6 Bxd6 17. h4 Re8 18. Kg2 h5 19. a4 g6 20. Re2 Qd7 21. Rae1 Rad8
22. b3 a6 23. Qd2 Bc7 24. a5 Bd6 25. b4 Re7 26. Kg1 Rde8 27. Ng2 Ng7 28. c3 Rxe2
29. Rxe2 Rxe2 30. Qxe2 Ne8 31. Ne5 Qe7 32. Nf4 1/2-1/2

[Event "38th ECC Open 2023"]
[Site "Durres ALB"]
[Date "2023.10.04"]
[Round "4.2"]
[Board "4"]
[White "Balogh, Csaba"]
[Black "Pranav, V"]
[Result "1/2-1/2"]
[WhiteTitle "GM"]
[BlackTitle "GM"]
[WhiteElo "2558"]
[BlackElo "2579"]
[WhiteTeam "Sentimento Ajka BSK"]
[BlackTeam "Offerspill Sjakklubb"]
[WhiteFideId "718939"]
[BlackFideId "25060783"]
[EventDate "2023.10.01"]

1. e4 e5 2. Nf3 Nc6 3. Bb5 a6 4. Ba4 Nf6 5. Nc3 b5 6. Bb3 Be7 7. O-O d6 8. a4 b4
9. Nd5 Na5 10. Ba2 Nxd5 11. Bxd5 c6 12. Ba2 O-O 13. d4 exd4 14. Qxd4 Rb8 15. Qd3
b3 16. cxb3 c5 17. b4 Rxb4 18. Bd5 Bf6 19. Bd2 Rxb2 20. Rab1 Rxb1 21. Rxb1 Qc7
22. Bf4 Be7 23. e5 Rd8 24. Ng5 Bxg5 25. Bxg5 Re8 26. exd6 Qd7 27. Qf3 c4 28. Be7
Qf5 29. Qxf5 Bxf5 30. Rc1 Bd7 31. f3 Rc8 32. Rc3 Rc5 33. Be4 f5 34. Bc2 Nc6 35.
Bd3 Nxe7 36. dxe7 Kf7 37. Bxc4+ Kxe7 38. Re3+ 1/2-1/2

[Event "38th ECC Open 2023"]
[Site "Durres ALB"]
[Date "2023.10.04"]
[Round "4.2"]
[Board "6"]
[White "Balog, Imre"]
[Black "Urkedal, Frode Olav Olsen"]
[Result "1-0"]
[WhiteTitle "GM"]
[BlackTitle "GM"]
[WhiteElo "2622"]
[BlackElo "2519"]
[WhiteTeam "Sentimento Ajka BSK"]
[BlackTeam "Offerspill Sjakklubb"]
[WhiteFideId "728446"]
[BlackFideId "1506102"]
[EventDate "2023.10.01"]

1. e4 e5 2. Nc3 Nf6 3. d4 exd4 4. Qxd4 Nc6 5. Qd3 d5 6. exd5 Nb4 7. Qe2+ Qe7 8.
Be3 Nfxd5 9. Nxd5 Nxd5 10. Bd4 Qxe2+ 11. Bxe2 Nb4 12. O-O-O Be6 13. Nf3 f6 14.
a3 Nc6 15. Be3 Bd6 16. Nd2 O-O-O 17. Ne4 Be7 18. Rhe1 Rxd1+ 19. Bxd1 b6 20. Ng3
Bd7 21. Nh5 g6 22. Nf4 Re8 23. Nd5 Bd8 24. Be2 Kb7 25. Rd1 Ne5 26. Rd2 Be6 27.
b3 a5 28. Kb2 Ng4 29. Nf4 Bc8 30. Bd4 Kb8 31. Bb5 Rf8 32. f3 Nh6 33. Re2 Nf5 34.
Bc3 Ng7 35. Nd5 Be6 36. Bc6 Kc8 37. b4 axb4 38. Bxb4 Rf7 39. Nf4 Bc4 40. Re4 b5
41. a4 f5 42. Re1 bxa4 43. Nd5 f4 44. Re4 Bxd5 45. Bxd5 Rf6 46. Ka3 Nf5 47. Be6+
Kb7 48. Bc3 Rf8 49. Rb4+ Kc6 50. Rc4+ Kb5 51. Rxa4 Ne3 52. Kb3 Be7 53. Bd4 Rb8
54. Bd7+ 1-0

[Event "38th ECC Open 2023"]
[Site "Durres ALB"]
[Date "2023.10.04"]
[Round "4.3"]
[Board "2"]
[White "Vallejo Pons, Francisco"]
[Black "Grandelius, Nils"]
[Result "1/2-1/2"]
[WhiteTitle "GM"]
[BlackTitle "GM"]
[WhiteElo "2680"]
[BlackElo "2689"]
[WhiteTeam "Turkish Airlines Sports Club"]
[BlackTeam "Novy Bor"]
[WhiteFideId "2205530"]
[BlackFideId "1710400"]
[EventDate "2023.10.01"]

1. Nf3 d5 2. e3 Nf6 3. c4 c6 4. Nc3 a6 5. d4 e6 6. b3 Bb4 7. Bd2 Nbd7 8. Bd3
dxc4 9. bxc4 e5 10. Ne4 Bxd2+ 11. Nfxd2 O-O 12. O-O exd4 13. exd4 Nxe4 14. Nxe4
Nf6 15. Nxf6+ Qxf6 16. Be4 Bf5 17. Bxf5 Qxf5 18. Qb1 Qxb1 19. Raxb1 b5 20. d5
cxd5 21. cxb5 axb5 22. Rxb5 Rxa2 23. Rxd5 g6 24. g3 Rfa8 25. h4 h5 26. Rd4 Ra1
27. Rd8+ Rxd8 28. Rxa1 Kg7 29. Kg2 Rd5 30. Rh1 Ra5 1/2-1/2

[Event "38th ECC Open 2023"]
[Site "Durres ALB"]
[Date "2023.10.04"]
[Round "4.3"]
[Board "3"]
[White "Navara, David"]
[Black "Bluebaum, Matthias"]
[Result "1-0"]
[WhiteTitle "GM"]
[BlackTitle "GM"]
[WhiteElo "2689"]
[BlackElo "2668"]
[WhiteTeam "Novy Bor"]
[BlackTeam "Turkish Airlines Sports Club"]
[WhiteFideId "309095"]
[BlackFideId "24651516"]
[EventDate "2023.10.01"]

1. e4 e5 2. Nf3 Nf6 3. Nxe5 d6 4. Nd3 Nxe4 5. Qe2 Qe7 6. Nf4 Nf6 7. d4 Qxe2+ 8.
Bxe2 Nc6 9. c3 d5 10. f3 Nd8 11. Na3 c6 12. Nc2 Bd6 13. Kf2 Bf5 14. Re1 O-O 15.
Nb4 Ne6 16. Bd3 Bxd3 17. Nbxd3 Nxf4 18. Bxf4 Bxf4 19. Nxf4 Rfe8 20. g4 Rxe1 21.
Rxe1 Kf8 22. a4 Re8 23. Rb1 Nd7 24. a5 g5 25. Nh5 Re6 26. h4 gxh4 27. Nf4 Rf6
28. Ke3 Kg8 29. Rh1 Nf8 30. Nh5 Re6+ 31. Kf2 Nd7 32. Nf4 Rf6 33. Ng2 Nf8 34.
Nxh4 Rh6 35. Kg3 Re6 36. a6 b5 37. Nf5 Nd7 38. g5 Nb6 39. b3 Nc8 40. Kg4 Nd6 41.
Rh6 Nxf5 42. Kxf5 Re3 43. Rxc6 b4 44. cxb4 Rxf3+ 45. Ke5 Rxb3 46. Rc7 Rxb4 47.
Rxa7 Rb6 48. Kxd5 Rg6 49. Ra8+ Kg7 50. a7 Rxg5+ 51. Kc6 Ra5 52. Kb6 Ra1 53. Re8 1-0

[Event "38th ECC Open 2023"]
[Site "Durres ALB"]
[Date "2023.10.04"]
[Round "4.3"]
[Board "4"]
[White "Cheparinov, Ivan"]
[Black "Nguyen, Thai Dai Van"]
[Result "1/2-1/2"]
[WhiteTitle "GM"]
[BlackTitle "GM"]
[WhiteElo "2658"]
[BlackElo "2618"]
[WhiteTeam "Turkish Airlines Sports Club"]
[BlackTeam "Novy Bor"]
[WhiteFideId "2905540"]
[BlackFideId "358878"]
[EventDate "2023.10.01"]

1. d4 Nf6 2. c4 e6 3. Nf3 d5 4. Nc3 Be7 5. Bf4 O-O 6. e3 Nbd7 7. c5 Nh5 8. Bd3
Nxf4 9. exf4 b6 10. b4 a5 11. a3 c6 12. O-O Ba6 13. Bxa6 Rxa6 14. Qe2 Qa8 15. b5
cxb5 16. Qxb5 Ra7 17. Ne5 Nxe5 18. cxb6 Nc4 19. bxa7 Qxa7 20. f5 Qxd4 21. Qd7
Nd2 22. Qxe7 Nxf1 23. fxe6 fxe6 24. Qxe6+ Kh8 25. Qe1 Nd2 26. Qe3 Qxe3 27. fxe3
Rd8 28. Rd1 Nc4 29. e4 Nxa3 30. exd5 Nc4 31. Rd4 Nd6 1/2-1/2

[Event "38th ECC Open 2023"]
[Site "Durres ALB"]
[Date "2023.10.04"]
[Round "4.3"]
[Board "5"]
[White "Anton Guijarro, David"]
[Black "Santos Latasa, Jaime"]
[Result "1-0"]
[WhiteTitle "GM"]
[BlackTitle "GM"]
[WhiteElo "2653"]
[BlackElo "2650"]
[WhiteTeam "Novy Bor"]
[BlackTeam "Turkish Airlines Sports Club"]
[WhiteFideId "2285525"]
[BlackFideId "2293307"]
[EventDate "2023.10.01"]

1. d4 Nf6 2. c4 e6 3. Nf3 d5 4. Nc3 c6 5. cxd5 exd5 6. Qc2 Be7 7. Bg5 Nbd7 8. e3
O-O 9. Bd3 Re8 10. O-O g6 11. Rae1 Nb6 12. Ne5 Ng4 13. Bxe7 Qxe7 14. Nxg4 Bxg4
15. f3 Bd7 16. Qf2 f5 17. e4 fxe4 18. fxe4 Rf8 19. exd5 Qg5 20. Ne4 Rxf2 21.
Nxg5 Rxf1+ 22. Bxf1 Nxd5 23. Bc4 Re8 24. Re5 h6 25. Ne4 Rxe5 26. dxe5 Kf7 27.
Nc5 Be8 28. Kf2 g5 29. Bxd5+ cxd5 30. Ke3 Bc6 31. Kd4 a5 32. Nb3 b6 33. Nd2 Ke6
34. Nf1 h5 35. Ne3 h4 36. a3 Bb7 37. Ng4 Ba8 38. b3 Bb7 39. Ne3 Bc6 40. Nd1 Bb5
41. Nc3 Bc6 42. b4 axb4 43. axb4 b5 44. g3 hxg3 45. hxg3 Kf5 46. Nxd5 Ke6 47.
Nf6 Bg2 48. Ne4 g4 49. Nf6 Bf3 50. Nh5 Bd1 51. Nf4+ Kf5 52. Nd5 Be2 53. Ne3+ Ke6
54. Ke4 Bf3+ 55. Kf4 Be2 56. Nxg4 Bd3 57. Nf6 Bg6 58. g4 Bd3 59. Ne4 1-0

[Event "38th ECC Open 2023"]
[Site "Durres ALB"]
[Date "2023.10.04"]
[Round "4.3"]
[Board "6"]
[White "Gurel, Ediz"]
[Black "Bartel, Mateusz"]
[Result "1-0"]
[WhiteTitle "IM"]
[BlackTitle "GM"]
[WhiteElo "2514"]
[BlackElo "2651"]
[WhiteTeam "Turkish Airlines Sports Club"]
[BlackTeam "Novy Bor"]
[WhiteFideId "44507356"]
[BlackFideId "1112635"]
[EventDate "2023.10.01"]

1. e4 e5 2. Nf3 Nc6 3. d4 exd4 4. Nxd4 Qf6 5. Ne2 Bc5 6. Nf4 Ne5 7. Nc3 c6 8.
Qe2 d6 9. Be3 Qe7 10. O-O-O Nf6 11. Bxc5 dxc5 12. Nd3 Nxd3+ 13. Rxd3 Be6 14. Rd2
O-O 15. Qe3 b5 16. Be2 c4 17. e5 Nd5 18. Nxd5 cxd5 19. Bf3 b4 20. Bxd5 c3 21.
Rd4 Rac8 22. Rhd1 Qc5 23. b3 Qa5 24. Kb1 Bf5 25. Be4 Bxe4 26. Rxe4 Rfd8 27. Red4
Rxd4 28. Qxd4 h6 29. a4 bxa3 30. Ka2 Qc7 31. Qd7 Qb8 32. f4 a5 33. Rd3 Qa8 34.
e6 a4 35. exf7+ Kf8 36. b4 Qa6 37. Re3 1-0

[Event "38th ECC Open 2023"]
[Site "Durres ALB"]
[Date "2023.10.04"]
[Round "4.4"]
[Board "1"]
[White "Nihal, Sarin"]
[Black "Vachier-Lagrave, Maxime"]
[Result "1/2-1/2"]
[WhiteTitle "GM"]
[BlackTitle "GM"]
[WhiteElo "2694"]
[BlackElo "2727"]
[WhiteTeam "TAJFUN SK Ljubljana"]
[BlackTeam "Asnieres - Le Grand Echiquier"]
[WhiteFideId "25092340"]
[BlackFideId "623539"]
[EventDate "2023.10.01"]

1. d4 d5 2. Nf3 Nf6 3. c4 dxc4 4. e3 e6 5. Bxc4 a6 6. O-O c5 7. b3 cxd4 8. Nxd4
Be7 9. Bb2 O-O 10. Be2 b5 11. a4 bxa4 12. Rxa4 Bb7 13. Rc4 Bd5 14. Rc1 Re8 15.
Nc3 Bb7 16. Na4 Nbd7 17. Nc6 Bxc6 18. Rxc6 a5 19. Bf3 Rb8 20. Qc2 Rb5 21. Be2
Rb4 22. Rc1 Qb8 23. Rc8 Rxc8 24. Qxc8+ Bf8 25. Bd1 Qxc8 26. Rxc8 Rb8 27. Rc7 Bb4
28. g4 Nf8 29. g5 Ne8 30. Ra7 Ng6 31. Kf1 Nd6 32. Bc2 Nb5 33. Ra6 Nc7 34. Rc6
Nd5 35. Rc4 Bd6 36. h4 Ne5 37. Bxe5 Bxe5 38. Rc5 Bd6 39. Rxa5 Bb4 40. Ra7 g6 41.
Bd3 Kf8 42. Kg2 Be7 43. Bc4 Nb6 44. Nxb6 Rxb6 45. f4 Rd6 46. Kf3 Rd1 47. e4 Rh1
48. f5 gxf5 49. exf5 exf5 50. Ra5 Rh3+ 51. Kg2 Rxh4 52. Rxf5 Rg4+ 53. Kf3 Rxg5
54. Rxf7+ Ke8 55. Rxh7 1/2-1/2

[Event "38th ECC Open 2023"]
[Site "Durres ALB"]
[Date "2023.10.04"]
[Round "4.4"]
[Board "2"]
[White "Martirosyan, Haik M."]
[Black "Volokitin, Andrei"]
[Result "1-0"]
[WhiteTitle "GM"]
[BlackTitle "GM"]
[WhiteElo "2696"]
[BlackElo "2664"]
[WhiteTeam "Asnieres - Le Grand Echiquier"]
[BlackTeam "TAJFUN SK Ljubljana"]
[WhiteFideId "13306553"]
[BlackFideId "14107090"]
[EventDate "2023.10.01"]

1. d4 Nf6 2. c4 e6 3. Nf3 d5 4. Nc3 Bb4 5. Bg5 h6 6. Bxf6 Qxf6 7. Qb3 c5 8. cxd5
exd5 9. a3 Bxc3+ 10. Qxc3 b6 11. e3 O-O 12. dxc5 Qxc3+ 13. bxc3 bxc5 14. O-O-O
Bb7 15. c4 Nd7 16. cxd5 Nf6 17. Bc4 Rad8 18. Ne5 Bxd5 19. Bxd5 Nxd5 20. Kc2 Nf6
21. Nc4 Rfe8 22. Rxd8 Rxd8 23. Rb1 Kf8 24. f3 Ne8 25. Na5 Rc8 26. Rb7 Nd6 27.
Rd7 Nf5 28. Nc4 Re8 29. e4 Nd4+ 30. Kd3 Ne6 31. Rxa7 Nf4+ 32. Kc3 Nxg2 33. Nd6
Rd8 34. Nxf7 Rd1 35. Ne5 Rc1+ 36. Kb2 Rh1 37. a4 Rxh2 38. Kb3 Ne3 39. a5 c4+ 40.
Kc3 Ra2 41. Kd4 Ra3 42. a6 Kg8 43. f4 h5 44. f5 h4 45. Ra8+ Kh7 46. Nf7 g5 47.
Nxg5+ Kg7 48. a7 h3 49. Nxh3 Rd3+ 50. Kc5 Ra3 51. Kb4 Rb3+ 52. Ka4 1-0

[Event "38th ECC Open 2023"]
[Site "Durres ALB"]
[Date "2023.10.04"]
[Round "4.4"]
[Board "3"]
[White "Erdos, Viktor"]
[Black "Moussard, Jules"]
[Result "0-1"]
[WhiteTitle "GM"]
[BlackTitle "GM"]
[WhiteElo "2559"]
[BlackElo "2642"]
[WhiteTeam "TAJFUN SK Ljubljana"]
[BlackTeam "Asnieres - Le Grand Echiquier"]
[WhiteFideId "719978"]
[BlackFideId "642908"]
[EventDate "2023.10.01"]

1. e4 c5 2. Nc3 a6 3. g3 b5 4. Bg2 Bb7 5. Nge2 e6 6. O-O Nc6 7. Re1 Nge7 8. d3
Nd4 9. Nf4 g6 10. e5 Bxg2 11. Nxg2 Nec6 12. Bf4 g5 13. Be3 Nxe5 14. Bxd4 cxd4
15. Nxb5 Nc6 16. Na3 Bb4 17. Re2 Bxa3 18. bxa3 Qa5 19. f4 gxf4 20. Nxf4 h5 21.
Qf1 O-O-O 22. Ng2 Rdg8 23. Qxf7 Rf8 24. Qg6 Qxa3 25. Rae1 Qxa2 26. Nf4 Rhg8 27.
Qh7 Rh8 28. Qg6 Qa5 29. Rxe6 Qc5 30. Re8+ Rxe8 31. Rxe8+ Rxe8 32. Qxe8+ Kc7 33.
Qf7 Qxc2 34. Qxh5 a5 35. Nd5+ Kd6 36. Nf6 Qxd3 37. Qd5+ Kc7 38. Qxd7+ Kb6 39.
Qd6 Qd1+ 40. Kg2 Qc2+ 41. Kh3 Kb5 42. Nd5 Qh7+ 43. Kg2 Qe4+ 44. Kh3 a4 45. Nf4
Qf5+ 46. Kg2 Qc2+ 47. Kh3 Qc5 48. Qe6 Ka5 49. g4 a3 50. g5 Qc2 51. Qd5+ Ka4 52.
g6 Qb3+ 53. Kh4 Qxd5 54. Nxd5 a2 55. g7 a1=Q 56. g8=Q Qe1+ 57. Qg3 Qe4+ 58. Nf4
Ne7 59. Kh3 Nd5 60. Nxd5 Qxd5 61. Qf4 Kb3 62. Kh4 d3 63. Qd2 Qf3 64. Kg5 Qe2 65.
Qc1 d2 66. Qb1+ Kc3 67. Qa1+ Kd3 68. Qa3+ Ke4 69. Qb4+ Kf3 70. Qg4+ Kf2 71. Qh4+
Kg2 72. Qg3+ Kh1 0-1

[Event "38th ECC Open 2023"]
[Site "Durres ALB"]
[Date "2023.10.04"]
[Round "4.4"]
[Board "4"]
[White "Oparin, Grigoriy"]
[Black "Saric, Ivan"]
[Result "1/2-1/2"]
[WhiteTitle "GM"]
[BlackTitle "GM"]
[WhiteElo "2681"]
[BlackElo "2647"]
[WhiteTeam "Asnieres - Le Grand Echiquier"]
[BlackTeam "TAJFUN SK Ljubljana"]
[WhiteFideId "24125890"]
[BlackFideId "14508150"]
[EventDate "2023.10.01"]

1. e4 c5 2. Nf3 d6 3. d4 cxd4 4. Nxd4 Nf6 5. Nc3 Nc6 6. Bg5 e6 7. Qd2 a6 8. Nxc6
bxc6 9. O-O-O Be7 10. Bxf6 gxf6 11. Bc4 O-O 12. Qh6 Kh8 13. Rd3 Rg8 14. Rh3 Rg7
15. f4 Qg8 16. Rg3 a5 17. Bd3 Ba6 18. Bxa6 Rxa6 19. Qh5 Ra8 20. Rxg7 Qxg7 21.
Qe2 a4 22. a3 d5 23. exd5 cxd5 24. Nxd5 Bxa3 25. bxa3 exd5 26. Rd1 Qf8 27. Qf3
Rd8 28. Qc3 d4 29. Rxd4 Rxd4 30. Qxd4 Qxa3+ 31. Kb1 Kg7 32. g4 Kg8 33. Qd8+ Kg7
34. Qd4 Kg8 35. h4 h6 36. h5 Qf3 37. f5 Qa3 38. Qc4 Kg7 39. c3 Qd6 40. Qxa4 Qd2
41. Qd4 Qxd4 42. cxd4 Kf8 43. Kc2 Ke7 44. Kc3 Kd6 45. Kc4 Kc6 46. d5+ Kd6 47.
Kd4 Kd7 48. Kc5 Kc7 49. d6+ Kd7 50. Kd5 Kd8 51. Kc6 Kc8 52. d7+ Kd8 53. Kd6 1/2-1/2

[Event "38th ECC Open 2023"]
[Site "Durres ALB"]
[Date "2023.10.04"]
[Round "4.4"]
[Board "5"]
[White "Brkic, Ante"]
[Black "Movsesian, Sergei"]
[Result "1-0"]
[WhiteTitle "GM"]
[BlackTitle "GM"]
[WhiteElo "2606"]
[BlackElo "2606"]
[WhiteTeam "TAJFUN SK Ljubljana"]
[BlackTeam "Asnieres - Le Grand Echiquier"]
[WhiteFideId "14506688"]
[BlackFideId "310204"]
[EventDate "2023.10.01"]

1. e4 c6 2. d4 d5 3. e5 Bf5 4. Nf3 e6 5. Be2 a5 6. a4 Ne7 7. O-O Nd7 8. c3 Bg6
9. Nbd2 Nf5 10. Ne1 f6 11. Nd3 fxe5 12. dxe5 Be7 13. Nf3 Bf7 14. Nd4 Nxd4 15.
cxd4 O-O 16. Be3 Rc8 17. Rc1 b6 18. Nf4 Bg5 19. Qd2 Bxf4 20. Bxf4 Qe8 21. Rc3
Bh5 22. Ba6 Rc7 23. Rfc1 Qf7 24. Be3 Nb8 25. Bf1 Rfc8 26. h3 Qe7 27. Rb3 Nd7 28.
Bg5 Qe8 29. Rg3 Bg6 30. Ba6 Ra8 31. Be2 Rac8 32. Ba6 Ra8 33. Be2 Rac8 34. Qd1 c5
35. Ba6 Ra8 36. Be2 c4 37. h4 Nf8 38. h5 Bf5 39. h6 Ng6 40. hxg7 b5 41. axb5
Qxb5 42. b3 Rac8 43. Rgc3 Rc6 44. Bh6 Ne7 45. Qd2 Qb4 46. bxc4 dxc4 47. Qg5 Bd3
48. Bxd3 cxd3 49. Rxc6 Rxc6 50. Rxc6 d2 51. Rc8+ 1-0

[Event "38th ECC Open 2023"]
[Site "Durres ALB"]
[Date "2023.10.04"]
[Round "4.4"]
[Board "6"]
[White "Cornette, Matthieu"]
[Black "Markus, Robert"]
[Result "1/2-1/2"]
[WhiteTitle "GM"]
[BlackTitle "GM"]
[WhiteElo "2581"]
[BlackElo "2578"]
[WhiteTeam "Asnieres - Le Grand Echiquier"]
[BlackTeam "TAJFUN SK Ljubljana"]
[WhiteFideId "620084"]
[BlackFideId "921637"]
[EventDate "2023.10.01"]

1. e4 e5 2. Nf3 Nf6 3. Nxe5 d6 4. Nf3 Nxe4 5. d4 Be7 6. Bd3 Nf6 7. O-O O-O 8.
Nc3 Bg4 9. h3 Bh5 10. g4 Bg6 11. g5 Nfd7 12. Nd5 Nb6 13. Nxe7+ Qxe7 14. Re1 Qd7
15. Bf1 Bh5 16. Qd3 Bg6 17. Qd1 Bh5 18. Qd3 Bg6 19. Qd1 1/2-1/2